|
|
|
|
| LEADER |
01143nam a2200241 a 4500 |
| 001 |
GR-MES3303 |
| 008 |
991111s1996 gr 000 0 gre d |
| 040 |
|
|
|a GrPaTEI
|b gre
|c GR-PaULI
|
| 245 |
0 |
3 |
|a Το εργατικό κίνημα στην Ελλάδα και ο Κώστας Χατζόπουλος.
|
| 260 |
|
|
|a Αγρίνιο :
|b Μοσχονάς,
|c 1996
|
| 300 |
|
|
|a 560σελ.
|
| 500 |
|
|
|a βιβλιογραφία:σελ(517-534)
|
| 650 |
|
4 |
|a Ελλάδα
|
| 650 |
|
4 |
|a ΕΡΓΑΤΙΚΟ ΚΙΝΗΜΑ
|
| 650 |
|
4 |
|a ΚΩΣΤΑΣ ΧΑΤΖΟΠΟΥΛΟΣ
|
| 650 |
1 |
0 |
|a 1880-1920
|
| 700 |
1 |
|
|a Γκιόλιας, Μ.
|
| 710 |
0 |
|
|a Μοσχονάς
|
| 942 |
|
|
|2 ddc
|
| 952 |
|
|
|0 0
|1 0
|2 ddc
|4 0
|6 305_562000000000000_ΓΚΙ
|7 0
|9 267873
|a MSLG
|b MSLG
|c BSC
|d 2021-01-17
|e 24
|f 0
|g 0.00
|l 0
|o 305.562 ΓΚΙ
|p 2420000014208
|r 2021-01-17 00:00:00
|t 1
|w 2021-01-17
|y BK15
|x 19991111 0 1
|x GrPaTEI
|
| 952 |
|
|
|0 0
|1 0
|2 ddc
|4 0
|6 305_562000000000000_ΓΚΙ
|7 0
|9 267874
|a MSLG
|b MSLG
|c BSC
|d 2021-01-17
|e 24
|f 0
|g 0.00
|l 0
|o 305.562 ΓΚΙ
|p 2420000014232
|r 2021-01-17 00:00:00
|t 1
|w 2021-01-17
|y BK15
|x 19991111 0 1
|x GrPaTEI
|
| 971 |
|
|
|a .b2574348x
|b 16-04-20
|c 13-09-16
|
| 999 |
|
|
|c 154250
|d 154250
|